000
00290nam a22001217a 4500
008
260530b |||||||| |||| 00| 0 eng d
082
_a
001902
100
_a
Rao, Jaya L
245
_a
Mantrakshate
260
_a
Bangalore
_b
Poorna Prajna Samshodhan Trust
_c
2010
300
_a
74p
942
_2
ddc
999
_c
1480
_d
1480